Statistics for Countries That End in NIA - One Minute Sprint

Click here to take the quiz!

General Stats

  • This quiz has been taken 30 times
  • The average score is 6 of 9

Answer Stats

Country% Correct
Slovenia
89%
Albania
86%
Lithuania
79%
Macedonia
79%
Romania
75%
Estonia
68%
Armenia
61%
Mauritania
54%
Tanzania
54%

Score Distribution

Percentile by Number Answered

Percent of People with Each Score

Your Score History

You have not taken this quiz